Statistics for U.S. States with the Lowest HDI

Click here to take the quiz!

General Stats

  • This quiz has been taken 9,122 times
    (8,897 since last reset)
  • The average score is 7 of 10

Answer Stats

HDI State % Correct
0.877Alabama
90%
0.861Mississippi
87%
0.878Arkansas
75%
0.885 Louisiana
75%
0.892Tennessee
69%
0.880 Kentucky
68%
0.874 West Virginia
61%
0.888South Carolina
61%
0.896 Oklahoma
53%
0.900New Mexico
46%

Score Distribution

Percentile by Number Answered

Percent of People with Each Score

Your Score History

You have not taken this quiz since the last reset